[Event "Moscow Petrosian Memorial op"]
[Site "Moscow"]
[Date "2015.01.05"]
[Round "2"]
[White "Meteliov, Boris"]
[Black "Merzlyakov, Vyacheslav"]
[Result "0-1"]
[WhiteElo "1600"]
[BlackElo "1753"]
[PlyCount "58"]
[EventDate "2015.01.04"]
[EventType "swiss"]
[EventRounds "9"]
[EventCountry "RUS"]
[SourceTitle "CBM 164 Extra"]
[Source "ChessBase"]
[SourceDate "2015.03.02"]
[SourceVersion "1"]
[SourceVersionDate "2015.03.02"]
[SourceQuality "1"]

1. e4 e5 2. Nf3 Nc6 3. Bb5 a6 4. Ba4 d6 5. c3 Bd7 6. d3 Nf6 7. 0-0 Be7 8. Re1 0-0 9. Nbd2 Re8 10. Nf1 Bf8 11. Bg5 h6 12. Bxf6 Qxf6 13. Ne3 Rac8 14. Nd5 Qd8 15. d4 b5 16. Bc2 Bg4 17. Re3 g6 18. h3 exd4 19. cxd4 Bxf3 20. Rxf3 Bg7 21. Rd3 Rxe4 22. Rc1 Rxd4 23. Bb3 Rxd3 24. Qxd3 Ne5 25. Qe3 c5 26. a4 Nc6 27. axb5 axb5 28. Qe4 c4 29. Bd1 Qe8 0-1

[Event "Iasi op"]
[Site "Iasi"]
[Date "2014.05.10"]
[Round "1"]
[White "Meteliov, Boris"]
[Black "Visanescu, Daria Ioana"]
[Result "0-1"]
[WhiteElo "1489"]
[BlackElo "2069"]
[PlyCount "78"]
[EventDate "2014.05.10"]
[EventType "swiss"]
[EventRounds "9"]
[EventCountry "ROU"]
[SourceTitle "CBM 160 Extra"]
[Source "ChessBase"]
[SourceDate "2014.07.01"]
[SourceVersion "1"]
[SourceVersionDate "2014.07.01"]
[SourceQuality "1"]

1. e4 c5 2. Nf3 e6 3. d4 cxd4 4. Nxd4 a6 5. Nc3 Qc7 6. Be3 Nf6 7. f4 d6 8. Qf3 b5 9. Bd3 Bb7 10. g4 Be7 11. g5 Nfd7 12. h4 Nc6 13. Nce2 Nc5 14. a3 Na4 15. Rb1 Nxd4 16. Nxd4 Nxb2 17. Ne2 Nc4 18. Bc1 Qa5+ 19. Kf1 Nd2+ 20. Bxd2 Qxd2 21. a4 0-0 22. h5 e5 23. Rg1 Rad8 24. axb5 axb5 25. Rxb5 Bc6 26. Rb6 Ba8 27. Rb5 Rb8 28. Rxb8 Rxb8 29. Kf2 d5 30. Kg3 dxe4 31. Bxe4 Bxe4 32. Qxe4 exf4+ 33. Nxf4 Bxg5 34. Rg2 Qd6 35. Re2 h6 36. c3 Rc8 37. Re3 Qd1 38. Qf5 Bxf4+ 39. Kxf4 Rc4+ 0-1

[Event "Wch U12"]
[Site "Al Ain"]
[Date "2013.12.21"]
[Round "4"]
[White "Sezdbekov, Ruslan"]
[Black "Meteliov, Boris"]
[Result "1/2-1/2"]
[WhiteElo "1746"]
[BlackElo "1466"]
[PlyCount "135"]
[EventDate "2013.12.18"]
[EventType "swiss"]
[EventRounds "11"]
[EventCountry "UAE"]
[SourceTitle "CBM 158 Extra"]
[Source "ChessBase"]
[SourceDate "2014.02.28"]
[SourceVersion "1"]
[SourceVersionDate "2014.02.28"]
[SourceQuality "1"]

1. e4 e5 2. Nf3 Nc6 3. Bc4 Nf6 4. Nc3 Nxe4 5. Nxe4 d5 6. Bxd5 Qxd5 7. Nc3 Qd8 8. 0-0 Be7 9. Re1 f6 10. h3 0-0 11. d3 Nd4 12. Be3 c5 13. Nd2 Nf5 14. Qf3 a6 15. Nb3 Nxe3 16. fxe3 Rb8 17. Rad1 f5 18. d4 e4 19. Qe2 cxd4 20. Rxd4 Qe8 21. Nd5 Be6 22. Red1 Bxd5 23. Rxd5 Qf7 24. Rd7 Rfd8 25. Nc5 Rxd7 26. Rxd7 Qe8 27. Qc4+ Kh8 28. Rxb7 Bxc5 29. Qxa6 Bxe3+ 30. Kf1 Rxb7 31. Qxb7 Qd8 32. Qb4 Qd1+ 33. Qe1 Qxe1+ 34. Kxe1 Kg8 35. c4 Kf8 36. b4 Ke7 37. a4 Kd7 38. Ke2 f4 39. h4 h6 40. h5 Kc6 41. g3 Bc1 42. gxf4 Bxf4 43. Kf2 Bd2 44. b5+ Kc5 45. Ke2 e3 46. Kd3 Kb6 47. Ke2 Ka5 48. c5 Bb4 49. c6 Bd6 50. Kxe3 Kxa4 51. b6 Bc5+ 52. Ke4 Bxb6 53. Kf5 Kb5 54. Kg6 Kxc6 55. Kxg7 Be3 56. Kf6 Kd5 57. Kf5 Bd2 58. Kg4 Ke5 59. Kg3 Kf5 60. Kg2 Kg5 61. Kh2 Kxh5 62. Kg2 Kg4 63. Kh2 Bf4+ 64. Kg2 h5 65. Kh1 Kh3 66. Kg1 Bd2 67. Kh1 Be1 68. Kg1 1/2-1/2

[Event "Kishinev Ghimpu Memorial op"]
[Site "Kishinev"]
[Date "2012.11.09"]
[Round "1"]
[White "Meteliov, Boris"]
[Black "Mutu, Veaceslav"]
[Result "0-1"]
[WhiteElo "1517"]
[BlackElo "2074"]
[PlyCount "58"]
[EventDate "2012.11.09"]
[EventType "swiss"]
[EventRounds "9"]
[EventCountry "MDA"]
[SourceTitle "EXT 2014"]
[Source "ChessBase"]
[SourceDate "2013.11.20"]
[SourceVersion "1"]
[SourceVersionDate "2013.11.20"]
[SourceQuality "1"]

1. e4 d5 2. exd5 Qxd5 3. Nc3 Qd6 4. Nf3 Nf6 5. d4 a6 6. Be2 b5 7. 0-0 Nbd7 8. Re1 Bb7 9. h3 e6 10. Be3 Be7 11. Bd3 c5 12. dxc5 Nxc5 13. Bf1 Qc7 14. Bxc5 Bxc5 15. Ne5 0-0 16. a3 Rfd8 17. Bd3 Bd4 18. Ng4 Bxc3 19. Nxf6+ Bxf6 20. Rb1 Qc5 21. Qg4 Qg5 22. Qxg5 Bxg5 23. Rbd1 Kf8 24. Kf1 Ke7 25. g3 Bf6 26. b3 Bc3 27. Re3 Rac8 28. Be2 Rxd1+ 29. Bxd1 Bd4 0-1